Champion du monde ayant joué à l'AS Monaco - Statistiques

Statistiques générales
  • Ce quiz a été pris 86 fois
  • Le résultat moyen est 10 sur 13
Statistiques - réponses
Coupe du monde Poste Joueur Nationalité % Correct
1998 Attaquant Thierry Henry Français
95%
2018 Attaquant Kylian Mbappé Français
90%
1998 Gardien Fabien Barthez Français
88%
2018 Défenseur Djibril Sidibé Français
84%
2018 Attaquant Thomas Lemar Français
83%
2010 Milieu Cesc Fabregas Espagnol
82%
2018 Défenseur Benjamin Mendy Français
79%
1998 Milieu Emmanuel Petit Français
76%
1998 Attaquant David Trezeguet Français
74%
2018 Milieu Paul Pogba Français
74%
1998 Défenseur Lilian Thuram Français
66%
1998 Attaquant Youri Djorkaeff Français
65%
1990 Attaquant Jurgen Klinsmann Allemand
30%
Aucun quiz correspondant
Distribution des résultats
% des personnes avec chaque résultat
Percentile par nombre de réponses
Votre historique - résultats
Vous n’avez pas pris ce quiz